000 00358nam a2200157Ia 4500
008 230524s9999 xx 000 0 und d
082 _a401
_bSOD
100 _aEnic Br D'Souza
_92863
245 0 _aChipping In
250 _a5TH
260 _aSINGAPORE
_bNice
_c1996
300 _aXVI;323
500 _aQuantity Number: 1
650 _aComp-Sc
942 _cBK
999 _c4851
_d4851